000
00292nam a22001097a 4500
040
_c
SK
082
_a
581
100
_a
ព្រំ ដន
245
_a
Animal waste management; គ្រប់គ្រងកាកសំណល់សត្វ
260
_a
RUA
_b
ព្រំ
_c
NA
942
_c
EK
999
_c
10332
_d
10332